| 000 -LEADER |
| fixed length control field |
00845cam a22002657a 4500 |
| 020 ## - INTERNATIONAL STANDARD BOOK NUMBER |
| ISBN |
9780807832400 (hbk.) |
| 020 ## - INTERNATIONAL STANDARD BOOK NUMBER |
| ISBN |
0807832405 (hbk.) |
| 020 ## - INTERNATIONAL STANDARD BOOK NUMBER |
| ISBN |
9780807859094 (pbk.) |
| 020 ## - INTERNATIONAL STANDARD BOOK NUMBER |
| ISBN |
0807859095 (pbk.) |
| 040 ## - CATALOGING SOURCE |
| Transcribing agency |
BTCTA |
| 082 04 - DEWEY DECIMAL CLASSIFICATION NUMBER |
| Classification number |
975 UNI 2008 A103 Or. |
| 245 00 - TITLE STATEMENT |
| Title |
Agriculture and industry / |
| 246 18 - VARYING FORM OF TITLE |
| Title proper/short title |
Agriculture & industry |
| 260 ## - PUBLICATION, DISTRIBUTION, ETC. (IMPRINT) |
| Place of publication |
Chapel Hill : |
| Name of publisher |
University of North Carolina Press, |
| Year of publication |
c2008. |
| 300 ## - PHYSICAL DESCRIPTION |
| Number of Pages |
xviii, 354 p. : |
| Other physical details |
ill., map ; |
| Dimensions |
24 cm. |
| 490 1# - SERIES STATEMENT |
| Series statement |
The new encyclopedia of Southern culture ; |
| 500 ## - GENERAL NOTE |
| General note |
"Sponsored by the Center for the Study of Southern Culture at the University of Mississippi." |
| 650 #0 - SUBJECT ADDED ENTRY--TOPICAL TERM |
| Topical Term |
Agriculture |
| 650 #0 - SUBJECT ADDED ENTRY--TOPICAL TERM |
| Topical Term |
Agriculture |
| 650 #0 - SUBJECT ADDED ENTRY--TOPICAL TERM |
| Topical Term |
Industries |
| 700 1# - ADDED ENTRY--PERSONAL NAME |
| Personal name |
Walker, Melissa, |
| 700 1# - ADDED ENTRY--PERSONAL NAME |
| Personal name |
Cobb, James C. |
| 710 2# - ADDED ENTRY--CORPORATE NAME |
| Corporate name or jurisdiction name as entry element |
University of Mississippi. |
| 942 ## - ADDED ENTRY ELEMENTS (KOHA) |
| Koha item type |
សៀវភៅភាសាអង់គ្លេស |
| 952 ## - LOCATION AND ITEM INFORMATION (KOHA) |
| Withdrawn status [LOCAL, KOHA] |
0 |